[Event "Novokuznetsk SFO-ch U19 Girls"]
[Site "Novokuznetsk"]
[Date "2014.11.03"]
[Round "2"]
[White "Anufrienko, Daria"]
[Black "Kolokoltsova, Evgenia"]
[Result "1-0"]
[WhiteElo "2088"]
[BlackElo "1867"]
[PlyCount "57"]
[EventDate "2014.11.02"]
[EventType "swiss"]
[EventRounds "9"]
[EventCountry "RUS"]
[SourceTitle "CBM 163 Extra"]
[Source "ChessBase"]
[SourceDate "2014.12.23"]
[SourceVersion "1"]
[SourceVersionDate "2014.12.23"]
[SourceQuality "1"]

1. e4 c5 2. c3 Nf6 3. e5 Nd5 4. d4 cxd4 5. Nf3 Nc6 6. cxd4 d6 7. Bc4 dxe5 8. Bxd5 Qxd5 9. Nc3 Qd6 10. d5 Nd4 11. Nxd4 exd4 12. Qxd4 e5 13. Qd3 Bd7 14. 0-0 Be7 15. Ne4 Qg6 16. d6 Bc6 17. dxe7 Bxe4 18. Qh3 Kxe7 19. Bd2 Rhd8 20. Bb4+ Ke8 21. Rae1 Rd3 22. f3 Bf5 23. Rxe5+ Be6 24. Qh4 Qf6 25. Qe4 Rd7 26. Qxh7 Rd4 27. Rb5 Rad8 28. Rxb7 Rxb4 29. Qg8# 1-0

[Event "Kemerovo Chess School-ch"]
[Site "Kemerovo"]
[Date "2013.03.13"]
[Round "6"]
[White "Romanova, Anastasia"]
[Black "Kolokoltsova, Evgenia"]
[Result "0-1"]
[WhiteElo "1987"]
[BlackElo "1856"]
[PlyCount "72"]
[EventDate "2013.02.24"]
[EventType "swiss"]
[EventRounds "9"]
[EventCountry "RUS"]
[SourceTitle "EXT 2014"]
[Source "ChessBase"]
[SourceDate "2013.11.20"]
[SourceVersion "1"]
[SourceVersionDate "2013.11.20"]
[SourceQuality "1"]

1. Nf3 Nf6 2. c4 c5 3. Nc3 Nc6 4. d4 cxd4 5. Nxd4 g6 6. e4 Bg7 7. Be3 0-0 8. Be2 d6 9. 0-0 Bd7 10. Qd2 Rc8 11. f3 Nxd4 12. Bxd4 b6 13. Rfd1 Qc7 14. Kh1 Be6 15. Rac1 Qb7 16. b3 Rfd8 17. Rc2 a6 18. Bf1 Rc6 19. Qf2 Nd7 20. Be3 Rdc8 21. f4 f5 22. Bd3 Rf8 23. Qe2 Bxc3 24. Rxc3 Nc5 25. exf5 Bxf5 26. Bxf5 Rxf5 27. Rd5 Ne4 28. Bd4 Nxc3 29. Qe6+ Rf7 30. Bxc3 Rc5 31. g4 Qc8 32. Qe3 Qxg4 33. Qd4 e5 34. Qd3 Rxd5 35. Qxd5 Qxf4 36. Qa8+ Kg7 0-1

[Event "Kemerovo Chess School-ch"]
[Site "Kemerovo"]
[Date "2013.02.27"]
[Round "2"]
[White "Kolokoltsova, Evgenia"]
[Black "Cheremnova, Tamara"]
[Result "0-1"]
[WhiteElo "1856"]
[BlackElo "2270"]
[PlyCount "68"]
[EventDate "2013.02.24"]
[EventType "swiss"]
[EventRounds "9"]
[EventCountry "RUS"]
[SourceTitle "EXT 2014"]
[Source "ChessBase"]
[SourceDate "2013.11.20"]
[SourceVersion "1"]
[SourceVersionDate "2013.11.20"]
[SourceQuality "1"]

1. d4 d5 2. Nf3 c6 3. c4 e6 4. Nc3 dxc4 5. a4 Bb4 6. e3 b5 7. Bd2 a5 8. axb5 Bxc3 9. Bxc3 cxb5 10. b3 Bb7 11. bxc4 b4 12. Bb2 Nf6 13. Bd3 Nbd7 14. 0-0 0-0 15. c5 Bc6 16. Bc2 Qc7 17. Ba4 Ne4 18. Rc1 Rab8 19. Ra1 b3 20. Nd2 Bxa4 21. Rxa4 Qc6 22. Ra3 Nxd2 23. Qxd2 a4 24. Rfa1 Nf6 25. f3 Nd5 26. Bc3 f5 27. Kf2 Qb5 28. Kg1 Qc4 29. Rc1 Nxc3 30. Rxc3 Qxc3 31. Qxc3 b2 32. Ra1 a3 33. Rf1 b1Q 34. Qc4 Qb3 0-1

[Event "Kemerovo Kuzbass-ch"]
[Site "Kemerovo"]
[Date "2012.11.28"]
[Round "9"]
[White "Lykov, Vasili"]
[Black "Kolokoltsova, Evgenia"]
[Result "1-0"]
[WhiteElo "2129"]
[BlackElo "1836"]
[PlyCount "71"]
[EventDate "2012.11.23"]
[EventType "swiss"]
[EventRounds "9"]
[EventCountry "RUS"]
[SourceTitle "CBM 151 Extra"]
[Source "ChessBase"]
[SourceDate "2012.12.18"]
[SourceVersion "1"]
[SourceVersionDate "2012.12.18"]
[SourceQuality "1"]

1. e4 c5 2. c3 Nf6 3. e5 Nd5 4. d4 cxd4 5. Nf3 Nc6 6. Bc4 Nb6 7. Bb3 d6 8. exd6 Qxd6 9. 0-0 e6 10. cxd4 Be7 11. Nc3 a6 12. a3 0-0 13. Ne4 Qd8 14. Qd3 e5 15. d5 Na5 16. d6 Nxb3 17. Qxb3 Bxd6 18. Be3 Bc7 19. Rfd1 Be6 20. Qc2 Nd5 21. Neg5 g6 22. Qe4 Qd7 23. Nxe5 Bxe5 24. Qxe5 Qc7 25. Rxd5 Qxe5 26. Rxe5 Bc4 27. Rc5 b5 28. Rd1 Rfd8 29. Rxd8+ Rxd8 30. h4 Rd1+ 31. Kh2 f6 32. Rc8+ Kg7 33. Rc7+ Kg8 34. Nxh7 f5 35. Nf6+ Kf8 36. Bh6# 1-0